Les homonymes dans la langue française - lettre P - Statistiques

Statistiques générales
  • Ce quiz a été pris 159 fois
  • Le résultat moyen est 42 sur 48
Statistiques - réponses
Mot Indice Homonyme % Correct
pat jambe de l'animal patte
99%
pair deux paire
98%
pal blême pale
98%
parant memebre de la famille parent
98%
pair géniteur père
98%
pain arbre pin
98%
phare gâteau far
97%
philtre à café filtre
97%
panic terreur panique
97%
par portion part
97%
perce Iran maintenant perse
97%
plain complet plein
97%
poids légume pois
97%
peau récipient pot
97%
pause attitude pose
96%
pic arme pique
95%
plaine complète pleine
95%
palais hockey sur glace palet
93%
pan oiseau paon
93%
pair il égare perd
93%
plaid blessure plaie
93%
porc bâteau port
93%
puis réserve d'eau puits
92%
(il) pense ventre panse
91%
poêle on le rase poil
91%
(je) pensais fleur pensée
90%
pouce bourgeon pousse
90%
poing de croix par exemple point
89%
phare maquillage fard
88%
porc peau pore
88%
phone espèces animales faune
87%
près avance prêt
87%
pieu dévôt pieux
85%
plan jeune végétal plant
85%
pain papier peint
84%
pop prêtre pope
83%
pinçon oiseau pinson
82%
phoque voile foc
81%
peinte unité de mesure pinte
81%
peine pièce de serrure pêne
79%
pou tension artérielle pouls
77%
piton serpent pithon
76%
(ils) paieront seuil perron
74%
pan il accroche pend
71%
poids dégoût ! pouah
70%
paierie mort péri
64%
plainte bordure plinthe
62%
poids matière collante poix
39%
Aucun quiz correspondant
Distribution des résultats
% des personnes avec chaque résultat
Percentile par nombre de réponses
Votre historique - résultats
Vous n’avez pas pris ce quiz